Histoire de la litterature neo-hellenique des origines a nos jours

Αποθηκεύτηκε σε:
Λεπτομέρειες βιβλιογραφικής εγγραφής
Κύριος συγγραφέας: Δημαράς, Κωνσταντίνος Θ., 1904-1992
Μορφή: Βιβλίο
Γλώσσα:French
Δημοσίευση: Athenes : Institut Francais d'Athenes, 1965
Σειρά:Εκδόσεις του Γαλλικού Ινστιτούτου Αθηνών
Θέματα:
Ετικέτες: Προσθήκη ετικέτας
Δεν υπάρχουν, Καταχωρήστε ετικέτα πρώτοι!

MARC

LEADER 00000cam a2200000 i 4500
001 1/2034
008 950807s1965 fre d
035 |l 10014671 
040 |a GR-MY-UA  |b gre  |e aacr 
041 0 |a fre 
082 0 |a 889.09 
100 1 |a Δημαράς, Κωνσταντίνος Θ.,   |d 1904-1992. 
245 1 0 |a Histoire de la litterature neo-hellenique des origines a nos jours /  |c C. Th. Dimaras 
260 |a Athenes :   |b Institut Francais d'Athenes,   |c 1965 
300 |a xix, 518 p;  |c 22 cm 
490 1 |a Εκδόσεις του Γαλλικού Ινστιτούτου Αθηνών 
650 0 0 |a Greek literature, Modern  |x History and criticism. 
650 0 0 |a Authors, Greek (Modern)  |x Biography. 
830 0 |a Εκδόσεις του Γαλλικού Ινστιτούτου Αθηνών 
852 |a INST  |b LESVOS  |e 19950807  |h 889.09 DIM  |p 005100007517  |q 005100007517  |t BK  |y 0 
852 |a INST  |b RHODES  |e 20000413  |h 889.09 ΔΗΜ  |p 005400007319  |q 005400007319  |t BK  |y 0 
909 |a Λ  |b 027788 
909 |a Ρ  |b 040456 
922 |a 4ΕΛΗ  |b 199504  |c ΧΡΙΣΤΟΔΟΥΛΙΔΟΥ